000 00573nam a2200205Ia 4500
003 OSt
005 20251021161604.0
008 220917b |||||||| |||| 00| 0 eng d
037 _cTB
040 _aARTS
_cARTS
_beng
041 _2eng
_aeng
084 _aU.6 K8
_qAL
100 _aGrundy Kenneth
_993506
245 0 _aLands and peoples of Kenya Uganda and Tanzania
260 _aLondon:
_bAdam and Charles Black,
_c1968.
300 _a96p.
_ccm.
650 _aGEOGRAPHY
_9849054
942 _hU.6 K8
_cTB
_2CC
_n0
999 _c211938
_d211938